=LDR 00000nam 2200000 4500 =001 INLIS000000000002321 =005 20130612090652 =008 ***********************************Ind** =035 ##$$0010-061300000002321 =041 ##$$a Ind =082 ##$$a 811 =090 ##$$a 811, Suk p =100 ##$$a Sukanto, Putu Oka =245 ##$$a Perjalanan penyair, sajak-sajak kegelisahan hidup, Putu Oka Suanto =260 ##$$a 1999 $b Yogyakarta =300 ##$$a xv, 139 hlm, 21 cm =650 ##$$a Puisi Indonesia =850 ##$$a NBPNMAT